[Event "Druzynowe Mistrzostwa Polski - II Liga 2023"]
[Site "Jastrzebia Gora"]
[Date "1899-12-30"]
[Round "5.99"]
[White "Pajak, Jakub"]
[Black "Reichel, Lukasz"]
[Result "1/2-1/2"]
[WhiteTitle "I++"]
[BlackTitle "I"]
[WhiteElo "1863"]
[BlackElo "1928"]

1. e4 c5 2. Nf3 e6 3. d4 cxd4 4. Nxd4 Qb6 5. Nb3 Nf6 6. Bd3 d5 7. exd5 Nxd5 8.
Bd2 Nc6 9. Nc3 Nf6 10. O-O Be7 11. Be3 Qc7 12. Nb5 Qb8 13. N5d4 Nxd4 14. Bxd4
O-O 15. Re1 Bd7 16. Be5 Qd8 17. Qf3 Bc6 18. Qh3 g6 19. Rad1 Qb6 20. Bd4 Qc7 21.
Be5 Qb6 22. Qh4 Ne4 23. Qf4 Bg5 24. Qf3 Nc3 25. Qg3 Nxd1 26. Rxd1 Be7 27. Bd4
Qd8 28. Qe5 f6 29. Qxe6+ Kg7 30. Be3 Re8 31. Qh3 Qd5 32. Be2 Qe4 33. Bd3 Rad8
34. Rf1 Qd5 35. Qh6+ Kg8 36. Qh3 Bd7 37. Qg3 Kh8 38. Nd4 Bd6 39. Qh4 f5 40. Qf6+
Kg8 41. b3 Be7 42. Qxe7 Rxe7 43. Bc4 Qxc4 44. bxc4 b6 45. Bg5 Kf7 46. Bxe7 Kxe7
47. Re1+ Kf6 48. g3 Rc8 49. Rd1 Rxc4 50. Rd2 Ba4 51. Kf1 h6 52. Ke2 Rc3 53. Rd3
Rxd3 1/2-1/2

[Event "Druzynowe Mistrzostwa Polski - II Liga 2023"]
[Site "Jastrzebia Gora"]
[Date "1899-12-30"]
[Round "5.101"]
[White "Szymczak, Rafal"]
[Black "Szmyd, Marek"]
[Result "1/2-1/2"]
[WhiteTitle "k"]
[BlackTitle "k"]
[WhiteElo "1843"]
[BlackElo "1873"]

1. d4 f5 2. g3 Nf6 3. Bg2 g6 4. Nc3 Bg7 5. e4 fxe4 6. Nxe4 Nxe4 7. Bxe4 O-O 8.
f4 d6 9. c3 Nd7 10. Nf3 e5 11. dxe5 dxe5 12. O-O c6 13. fxe5 Qb6+ 14. Qd4 Nxe5
15. Qxb6 axb6 16. Nxe5 Rxf1+ 17. Kxf1 Bh3+ 18. Bg2 Bxg2+ 19. Kxg2 Bxe5 20. Bh6
Kf7 21. a3 Rd8 1/2-1/2

[Event "Druzynowe Mistrzostwa Polski - II Liga 2023"]
[Site "Jastrzebia Gora"]
[Date "1899-12-30"]
[Round "5.102"]
[White "Czaplewska, Klara"]
[Black "Baranska, Monika"]
[Result "1-0"]
[WhiteTitle "k+"]
[BlackTitle "I++"]
[WhiteElo "1844"]
[BlackElo "1776"]

1. e4 e6 2. d4 d5 3. e5 c5 4. c3 Nc6 5. Nf3 Qb6 6. a3 c4 7. Be2 Bd7 8. Qc2 Na5
9. Nbd2 Ne7 10. O-O Ng6 11. Re1 Be7 12. Rb1 O-O 13. Nf1 Qc7 14. Bg5 f6 15. exf6
Bxf6 16. Bxf6 Rxf6 17. Ne3 Raf8 18. Bf1 Qf4 19. h3 Qd6 20. Ng4 Rf5 21. Nge5 Nxe5
22. Nxe5 Be8 23. Re2 Nc6 24. Rbe1 Nxe5 25. Rxe5 Bd7 26. g3 Rxe5 27. Rxe5 Rf5 28.
Re1 g5 29. Be2 e5 30. Bg4 e4 31. Bxf5 Bxf5 32. Kg2 g4 33. h4 Kg7 34. Qd2 h6 35.
Qf4 Qxf4 36. gxf4 h5 37. Rb1 Bd7 38. b3 cxb3 39. Rxb3 Bc6 40. Kf1 Kf6 41. Ke2
Kf5 42. Ke3 Ke6 43. Rb4 a5 44. Rb6 a4 45. Kd2 Kf5 46. c4 dxc4 47. d5 Bxd5 48.
Rb5 Ke6 49. f5+ Kd6 50. f6 Bf7 51. Rxb7 Ke6 52. Rb6+ Ke5 53. Ra6 Kd4 54. Ra7 c3+
55. Kc1 Bb3 56. f7 Bxf7 57. Rxf7 Kd3 58. Rf5 1-0

[Event "Druzynowe Mistrzostwa Polski - II Liga 2023"]
[Site "Jastrzebia Gora"]
[Date "1899-12-30"]
[Round "5.103"]
[White "Chaczynski, Kamil"]
[Black "Mrozowski, Patryk"]
[Result "1-0"]
[WhiteTitle "k"]
[BlackTitle "I++"]
[WhiteElo "2165"]
[BlackElo "2118"]

1. e4 c5 2. Nf3 d6 3. Bb5+ Bd7 4. Bxd7+ Qxd7 5. c4 Qg4 6. O-O Nc6 7. d4 cxd4 8.
Nxd4 Qxd1 9. Rxd1 Nxd4 10. Rxd4 g6 11. Be3 Bg7 12. Rd2 Nf6 13. f3 Rc8 14. Na3
a6 15. Rb1 Nd7 16. b3 O-O 17. Bd4 Bh6 18. Re2 Rc6 19. Nc2 a5 20. h4 Ra8 21. a4
Bf4 22. Kf2 Kf8 23. g3 Bh6 24. h5 g5 25. Be3 e6 26. Nd4 Rca6 27. Nb5 Rc8 28. Rd1
Ke7 29. Red2 Rcc6 30. g4 f6 31. c5 d5 32. exd5 exd5 33. Rxd5 Ne5 34. Bd4 Ke6 35.
Bxe5 fxe5 36. Rd7 Kd5 1-0

[Event "Druzynowe Mistrzostwa Polski - II Liga 2023"]
[Site "Jastrzebia Gora"]
[Date "1899-12-30"]
[Round "5.104"]
[White "Papka, Sebastian"]
[Black "Kempinski, Tomasz"]
[Result "0-1"]
[WhiteTitle "k"]
[BlackTitle "FM"]
[WhiteElo "2107"]
[BlackElo "2163"]

1. d4 Nf6 2. Nf3 e6 3. c4 c5 4. d5 exd5 5. cxd5 b5 6. Bg5 h6 7. Bxf6 Qxf6 8. Qc2
c4 9. a4 Bb7 10. e4 Na6 11. axb5 Nb4 12. Qd2 Qg6 13. Nc3 Bc5 14. Ne5 Qf6 15. Nxc4
O-O 16. Na4 Qe7 17. Nxc5 Qxc5 18. Ne3 Rfe8 19. Rc1 Qf8 20. Rc4 a5 21. g4 Qd6 22.
Be2 g6 23. Qd4 Re7 24. h4 Rae8 25. Bf3 Qf4 26. Rh3 Re5 27. Kf1 d6 28. Rg3 Rc8
29. Rxc8+ Bxc8 30. Qc4 Re8 31. h5 Bd7 32. hxg6 fxg6 33. Qc7 Bxb5+ 34. Kg2 Qf7
35. Qxa5 Rb8 36. Kh2 Nd3 37. Qd2 Ba6 38. Nd1 Ne5 39. Bg2 Kh7 40. g5 hxg5 41. Qxg5
Be2 42. Rh3+ Kg8 43. Qh4 Qg7 44. Nc3 Bg4 45. Rg3 g5 46. Rxg4 gxh4 47. Rxg7+ Kxg7
48. Nd1 Nd3 49. Bf1 Nf4 50. Bc4 Kf6 51. b3 Ke5 52. Nc3 Rg8 53. Bf1 Kd4 54. Ne2+
Nxe2 55. Bxe2 Kxe4 56. Kh3 Rh8 57. Bc4 Ke5 58. Kh2 Rf8 59. Kg2 Rf4 60. f3 Kd4
61. Kf2 Rf8 62. Kg2 Ke3 63. Kh3 Rf4 0-1

[Event "Druzynowe Mistrzostwa Polski - II Liga 2023"]
[Site "Jastrzebia Gora"]
[Date "1899-12-30"]
[Round "5.108"]
[White "Mackiewicz, Anna"]
[Black "Andrzejewska, Anna"]
[Result "1/2-1/2"]
[WhiteTitle "k+"]
[BlackTitle "WCM"]
[WhiteElo "1844"]
[BlackElo "1944"]

1. Nf3 d5 2. d4 Nf6 3. Bf4 e6 4. e3 Bd6 5. Bxd6 cxd6 6. c4 dxc4 7. Bxc4 O-O 8.
O-O d5 9. Bd3 Nc6 10. Nc3 a6 11. Rc1 Qd6 12. Na4 b5 1/2-1/2

[Event "Druzynowe Mistrzostwa Polski - II Liga 2023"]
[Site "Jastrzebia Gora"]
[Date "1899-12-30"]
[Round "5.109"]
[White "Balinski, Damian"]
[Black "Markiewicz, Jerzy"]
[Result "1-0"]
[WhiteTitle "k"]
[BlackTitle "FM"]
[WhiteElo "2196"]
[BlackElo "2159"]

1. d4 Nf6 2. c4 g6 3. Nc3 Bg7 4. g3 O-O 5. Bg2 d6 6. e3 e5 7. Nge2 Nbd7 8. b3 Re8
9. O-O h5 10. e4 exd4 11. Nxd4 h4 12. Bg5 hxg3 13. hxg3 c6 14. Qd2 Qa5 15. Rad1
Ng4 16. Nce2 Qe5 17. f3 Ngf6 18. Bf4 Qc5 19. Be3 Qe5 20. Nc2 d5 21. cxd5 cxd5
22. exd5 Nb6 23. Rfe1 Nbxd5 24. f4 Qb2 25. Bd4 Qxa2 26. Nc1 Rxe1+ 27. Rxe1 Qb1
28. Bxd5 Nxd5 29. Re8+ 1-0

[Event "Druzynowe Mistrzostwa Polski - II Liga 2023"]
[Site "Jastrzebia Gora"]
[Date "1899-12-30"]
[Round "5.110"]
[White "Zaskalski, Arkadiusz"]
[Black "Zerebiec, Maurycy"]
[Result "1/2-1/2"]
[WhiteTitle "k"]
[BlackTitle "I++"]
[WhiteElo "2085"]
[BlackElo "1971"]

1. c4 c5 2. Nf3 Nc6 3. d4 cxd4 4. Nxd4 Nf6 5. g3 e6 6. Nc3 Bb4 7. Ndb5 a6 8. Nd6+
Ke7 9. Nxc8+ Rxc8 10. Bd2 d5 11. cxd5 Nxd5 12. Bg2 Bxc3 13. bxc3 Na5 14. O-O Nc4
15. Be1 Qd6 16. Qd4 Qe5 17. e4 Ndb6 18. Rb1 Qxd4 19. cxd4 Rhd8 20. Bb4+ Ke8 21.
Rfd1 Na4 22. d5 Nab2 23. Rf1 b5 24. Bc3 Na4 25. Be1 Rb8 26. dxe6 fxe6 27. Bh3
Kf7 28. Rc1 Nc5 29. Bg2 Rd3 30. Bb4 Na4 31. Rfd1 Rbd8 32. Rxd3 Rxd3 33. Bf1 Rd4
34. Bxc4 Rxc4 35. Rxc4 bxc4 36. Kf1 g5 37. f4 gxf4 38. gxf4 Nb2 39. Ke2 Nd3 40.
Bd2 e5 41. fxe5 Ke6 42. Ke3 Nxe5 43. Bc3 Ng4+ 44. Kd4 Nxh2 45. Kxc4 Nf3 46. Kd3
Ne5+ 47. Ke3 Ng6 48. Be1 h5 49. Kd4 Kd6 50. Bg3+ Kc6 51. Bh2 Nh4 52. Ke3 Ng6 53.
Kd4 a5 54. e5 Nxe5 55. Bxe5 h4 56. a4 h3 57. Bh2 Kb7 58. Kc5 Ka8 59. Kc6 Ka7 60.
Kc7 Ka8 61. Bg1 h2 62. Bxh2 Ka7 1/2-1/2

[Event "Druzynowe Mistrzostwa Polski - II Liga 2023"]
[Site "Jastrzebia Gora"]
[Date "1899-12-30"]
[Round "5.111"]
[White "Grzesik, Norbert"]
[Black "Augustyn, Sebastian"]
[Result "0-1"]
[WhiteTitle "I++"]
[BlackTitle "k"]
[WhiteElo "1857"]
[BlackElo "2046"]

1. e4 g6 2. d4 Bg7 3. c4 d6 4. Nc3 Nc6 5. Be3 e5 6. dxe5 dxe5 7. Qxd8+ Nxd8 8.
Be2 Nf6 9. h3 Ne6 10. Nf3 Nh5 11. g3 c6 12. Ng5 Nxg5 13. Bxg5 Bf6 14. Bh6 Ng7
15. Bxg7 Bxg7 16. O-O-O h5 17. g4 Be6 18. b3 Rd8 19. f3 hxg4 20. Rxd8+ Kxd8 21.
fxg4 Bh6+ 22. Kd1 Bg5 23. Ke1 Ke7 24. Kf2 b6 25. Kg3 Bh4+ 26. Kg2 Rd8 27. Rd1
Rxd1 28. Nxd1 a5 29. Ne3 Kd6 30. Kf3 Kc5 31. Nc2 b5 32. cxb5 cxb5 33. Ke3 Bg5+
34. Kd3 f5 35. Bf3 f4 36. Kc3 Bh4 37. Kd3 Bc8 38. Kd2 Bb7 39. Kd3 Ba6 40. Kd2
g5 41. Be2 Bb7 42. Bf3 Bf2 43. Kd3 Bc6 44. Kd2 b4 45. Kd1 a4 46. Ke2 Bg3 47. Kd2
axb3 48. axb3 Be8 49. Na1 Bf7 50. Bd1 Bf2 51. Kd3 Bd4 52. Nc2 Bc3 53. Na3 bxa3
54. Kxc3 a2 55. b4+ Kb6 56. Kb2 Kb5 0-1

[Event "Druzynowe Mistrzostwa Polski - II Liga 2023"]
[Site "Jastrzebia Gora"]
[Date "1899-12-30"]
[Round "5.112"]
[White "Draganik, Grzegorz"]
[Black "Motyl, Tomasz"]
[Result "1/2-1/2"]
[WhiteTitle "I"]
[BlackTitle "I++"]
[WhiteElo "1858"]
[BlackElo "1787"]

1. e4 c6 2. Nf3 d5 3. d3 dxe4 4. dxe4 Qxd1+ 5. Kxd1 Bg4 6. Be2 Nd7 7. Nbd2 Ngf6
8. Ne1 e5 9. Bxg4 Nxg4 10. Ke2 h5 11. Nd3 Nc5 12. f3 Nxd3 13. cxd3 Nf6 14. Nc4
Nd7 15. Be3 b6 16. d4 exd4 17. Bxd4 O-O-O 18. g3 f6 19. Rac1 Nc5 20. Bxc5 Bxc5
21. Na5 Rd6 22. b4 bxa5 23. bxc5 Rd4 24. Rhd1 Rhd8 25. Rxd4 Rxd4 26. Rc3 Rb4 27.
Rc2 Kb7 28. Ke3 Ka6 29. f4 Kb7 30. e5 Kc7 31. Rd2 Rb1 32. e6 Re1+ 33. Re2 Rb1
34. f5 Kd8 35. Rd2+ Ke8 36. Rd7 Re1+ 37. Kd3 Re5 38. Rxg7 Rxf5 39. Rxa7 Rxc5 40.
Rf7 Re5 41. Rxf6 Ke7 42. Rh6 Kd6 43. e7+ Kxe7 44. Rxc6 Kf7 45. a4 Rd5+ 46. Ke3
Re5+ 47. Kf4 Rd5 48. Ke4 Rd2 49. h3 Ra2 50. Kf5 Ra3 51. Rc7+ Kg8 52. Kf4 h4 53.
gxh4 Rxa4+ 54. Kg5 Ra3 55. Ra7 Rxh3 56. Rxa5 Rb3 57. Ra6 Rb8 58. Kg6 Rc8 59. h5
Rb8 60. h6 Kh8 61. Re6 Ra8 62. Kf6 1/2-1/2

[Event "Druzynowe Mistrzostwa Polski - II Liga 2023"]
[Site "Jastrzebia Gora"]
[Date "1899-12-30"]
[Round "5.113"]
[White "Paprocki, Artur"]
[Black "Mirowska, Oliwia"]
[Result "0-1"]
[WhiteTitle "I"]
[BlackTitle "k"]
[WhiteElo "1754"]
[BlackElo "1976"]

1. c4 e6 2. Nc3 d5 3. cxd5 exd5 4. d4 c6 5. Nf3 Bd6 6. Bg5 Ne7 7. Bxe7 Qxe7 8.
e3 Bf5 9. Bd3 Bg6 10. O-O Nd7 11. Qc2 Nf6 12. Rae1 Ne4 13. Bxe4 dxe4 14. Nd2 f5
15. f3 O-O 16. Nc4 exf3 17. gxf3 Bc7 18. f4 Rf6 19. Ne5 Bxe5 20. fxe5 Re6 21.
Qf2 Rf8 22. Ne2 f4 23. exf4 Bd3 24. Ng3 Rg6 25. Re3 Bxf1 26. Kxf1 Qd7 27. Rf3
Rg4 28. Ne2 Qf5 29. h3 Rg6 30. Nc3 Rd8 31. Ke1 b5 32. a3 a5 33. Qe3 b4 34. axb4
axb4 35. Ne4 Ra8 36. Kf2 h6 37. Qb3+ Kh7 38. Nd6 Qb1 39. Rg3 Ra2 40. Nc4 Rxg3
41. Kxg3 Qe1+ 42. Kf3 Ra1 43. Ne3 Qh1+ 44. Ke2 Re1+ 45. Kd2 Qg1 46. Qc2+ Kh8 47.
Qe4 Qf2+ 48. Kd3 Qe2# 0-1

[Event "Druzynowe Mistrzostwa Polski - II Liga 2023"]
[Site "Jastrzebia Gora"]
[Date "1899-12-30"]
[Round "5.114"]
[White "Jalowiec, Halina"]
[Black "Woznica, Alicja"]
[Result "0-1"]
[WhiteTitle "WFM"]
[BlackTitle "I+"]
[WhiteElo "1773"]
[BlackElo "1429"]

1. e4 e6 2. d4 d5 3. Nd2 c5 4. exd5 Qxd5 5. Ndf3 Nf6 6. Bb5+ Bd7 7. c4 Qe4+ 8.
Ne2 Bxb5 9. cxb5 Nbd7 10. O-O Be7 11. Nc3 Qg4 12. Re1 cxd4 13. Qxd4 Qxd4 14. Nxd4
O-O 15. Bg5 h6 16. Bh4 g5 17. Bg3 Nh5 18. Rad1 Nxg3 19. hxg3 Rfd8 20. Nb3 Bf6
21. Rd2 Ne5 22. Ne4 Bg7 23. Nbc5 Rxd2 24. Nxd2 b6 25. Na6 Nd3 26. Re3 Nxb2 27.
Nb3 Rd8 28. Nb4 Rd1+ 29. Kh2 Nc4 30. Rd3 Rf1 31. Rd8+ Kh7 32. Rd7 Ne5 33. Nd2
Ng4+ 34. Ne4 0-1

[Event "Druzynowe Mistrzostwa Polski - II Liga 2023"]
[Site "Jastrzebia Gora"]
[Date "1899-12-30"]
[Round "5.115"]
[White "Seifert, Henryk"]
[Black "Darowicki, Mariusz"]
[Result "0-1"]
[WhiteTitle "FM"]
[BlackTitle "I++"]
[WhiteElo "2106"]
[BlackElo "1906"]

1. d4 Nf6 2. Nf3 g6 3. Bf4 Bg7 4. Nbd2 O-O 5. e3 d6 6. h3 c5 7. c3 cxd4 8. exd4
Nd5 9. Bg3 e5 10. Bc4 Nb6 11. O-O e4 12. Ne1 d5 13. Bb3 Nc6 14. Nc2 f5 15. f4
Be6 16. Qe2 Rc8 17. Kh1 Na5 18. Ne3 a6 19. Rf2 Kh8 20. Bd1 Nac4 21. Ndxc4 Nxc4
22. Nxc4 Rxc4 23. Bb3 Rc8 24. Rff1 Qd6 25. Qe3 Bd7 26. Rf2 Bb5 27. Bh2 Bc4 28.
Bxc4 Rxc4 29. g4 b5 30. a3 a5 31. Rg2 b4 32. axb4 axb4 33. gxf5 bxc3 34. bxc3
Rxf5 35. Ra8+ Bf8 36. Rg5 Qc6 37. Rxf5 Qxa8 38. Rg5 Qa1+ 39. Rg1 Qxc3 40. Qxc3
Rxc3 41. Rg5 e3 42. Re5 Bd6 43. Re6 Bc7 44. Bg3 Kg7 45. Kg2 Kf7 46. Ra6 e2 47.
Bh4 Bd8 48. Ra7+ Rc7 49. Rxc7+ Bxc7 50. Kf3 Ke6 51. Kxe2 Bxf4 52. Kf3 Bc1 53.
Bf2 Kd6 54. h4 Kc6 55. Kg4 Kb5 56. h5 Kc4 57. Bg1 Kd3 58. Bf2 Be3 59. Bxe3 Kxe3
60. h6 Kxd4 0-1

[Event "Druzynowe Mistrzostwa Polski - II Liga 2023"]
[Site "Jastrzebia Gora"]
[Date "1899-12-30"]
[Round "5.116"]
[White "Wisniewski, Adam"]
[Black "Malik, Maciej"]
[Result "0-1"]
[WhiteTitle "I+"]
[BlackTitle "k"]
[WhiteElo "1929"]
[BlackElo "2023"]

1. e4 d6 2. d4 Nf6 3. Bd3 g6 4. h3 Bg7 5. Nf3 O-O 6. O-O Nc6 7. Re1 e5 8. c3 h6
9. Nbd2 Nh5 10. dxe5 Nxe5 11. Nxe5 dxe5 12. Nf3 Qe7 13. Qe2 Qf6 14. Be3 Nf4 15.
Bxf4 Qxf4 16. Rad1 Qf6 17. Bc4 Kh7 18. Rd2 Qe7 19. Bb3 a5 20. a3 Ra6 21. Ba2 h5
22. Nh2 Bh6 23. Rdd1 a4 24. Rd3 Bd7 25. Qd1 Bb5 26. Rd5 Bc6 27. Rd3 Rb6 28. Qe2
Bb5 29. c4 Bc6 30. Bb1 Qc5 31. Ba2 Ra6 32. Red1 Raa8 33. Qe1 Rae8 34. Qe2 Rg8
35. h4 f5 36. Rd7+ Bxd7 37. Rxd7+ Re7 38. Rd5 Qc6 39. Nf3 fxe4 40. Ng5+ Bxg5 41.
hxg5 Qe6 42. Qxe4 c6 43. Ra5 Rd8 44. Bb1 Rd4 45. Qf3 e4 46. Qf8 Re8 47. Qh6+ Kg8
48. Bc2 Rd7 0-1

[Event "Druzynowe Mistrzostwa Polski - II Liga 2023"]
[Site "Jastrzebia Gora"]
[Date "1899-12-30"]
[Round "5.117"]
[White "Miszczak, Dariusz"]
[Black "Szmidt, Przemyslaw"]
[Result "0-1"]
[WhiteTitle "I+"]
[BlackTitle "I++"]
[WhiteElo "1967"]
[BlackElo "1824"]

1. e4 c5 2. Nf3 d6 3. c4 e5 4. g3 g6 5. Bg2 Bg7 6. O-O Ne7 7. Nc3 Nbc6 8. h3 O-O
9. d3 Nd4 10. Nxd4 cxd4 11. Ne2 Be6 12. f4 Qd7 13. Kh2 Rab8 14. fxe5 dxe5 15.
b4 f5 16. Bg5 h6 17. Bxe7 Qxe7 18. Qd2 f4 19. g4 Kh7 20. Bf3 h5 21. Rh1 Bh6 22.
Rag1 hxg4 23. hxg4 Bg5 24. Rg2 Kg7 25. Kg1 Rh8 26. Rxh8 Rc8 27. Rg8+ Rxg8 28.
Kf1 Rh8 29. Ng1 Rh4 30. a3 Qd7 31. Qd1 Kf6 32. a4 Qh7 33. Qc2 Qd7 34. Qd1 Kf7
35. c5 Be7 36. Qc2 Qc6 37. Bd1 Rh1 38. Rh2 Rxh2 39. Qxh2 Kg8 40. Nf3 Bf6 41. Qh6
Bf7 42. Ng5 Bxg5 43. Qxg5 Qc7 44. Qf6 a5 45. Qb6 Qe7 46. bxa5 Qh4 47. Ke2 Qh2+
48. Ke1 Qg3+ 49. Kd2 f3 50. Qf6 f2 51. Be2 Qe3+ 52. Kd1 Bb3# 0-1

[Event "Druzynowe Mistrzostwa Polski - II Liga 2023"]
[Site "Jastrzebia Gora"]
[Date "1899-12-30"]
[Round "5.118"]
[White "Wisniewski, Szymon"]
[Black "Spyra, Piotr"]
[Result "1/2-1/2"]
[WhiteTitle "I+"]
[BlackTitle "I"]
[WhiteElo "1754"]
[BlackElo "1850"]

1. Nf3 Nf6 2. g3 g6 3. Bg2 Bg7 4. O-O O-O 5. c4 d5 6. cxd5 Nxd5 7. Nc3 Nb6 8. d3
Nc6 9. Bd2 e5 10. Rc1 Re8 11. Ne4 Nd4 12. Nxd4 exd4 13. Bg5 f6 14. Bf4 Nd5 15.
Qb3 Kh8 16. Nd6 cxd6 17. Qxd5 Rxe2 18. Bxd6 Rxb2 19. Rc7 Rb6 20. Re1 Rxd6 21.
Qf7 Bd7 22. Re7 Qf8 23. Rexd7 Rxd7 24. Rxd7 Qxf7 25. Rxf7 Rb8 26. Rxb7 Rxb7 1/2-1/2

[Event "Druzynowe Mistrzostwa Polski - II Liga 2023"]
[Site "Jastrzebia Gora"]
[Date "1899-12-30"]
[Round "5.119"]
[White "Wodecki, Daniel"]
[Black "Mioduszewski, Szymon"]
[Result "1/2-1/2"]
[WhiteTitle "I"]
[BlackTitle "II"]
[WhiteElo "1905"]
[BlackElo "1534"]

1. e4 e5 2. Nf3 Nf6 3. Nxe5 d6 4. Nf3 Nxe4 5. d3 Nf6 6. d4 d5 7. Bd3 Be7 8. Bf4
O-O 9. Nbd2 Nc6 10. c3 Bd6 11. Bxd6 cxd6 12. O-O Ne7 13. Qc2 g6 14. Nh4 Nh5 15.
g3 Bh3 16. Rfe1 Qd7 17. f3 Ng7 18. Re2 Nef5 19. Nxf5 Bxf5 20. Rae1 Rfe8 21. Nf1
Bxd3 22. Qxd3 Rxe2 23. Rxe2 Re8 24. Rxe8+ Nxe8 25. Ne3 Nf6 26. g4 h6 27. Kg2 Qa4
28. a3 Kg7 29. h3 Qb3 30. Qc2 Qa2 31. Nf1 Qa1 32. Ne3 Qe1 33. Qf2 Qc1 34. Qe2
a6 35. h4 Kh8 36. Nf1 Kg7 37. Ne3 Kh8 38. Qf2 b5 39. Nf1 Kg7 40. Qd2 Qxd2+ 41.
Nxd2 Nd7 42. Nf1 Nb6 43. b3 a5 44. Ne3 1/2-1/2

[Event "Druzynowe Mistrzostwa Polski - II Liga 2023"]
[Site "Jastrzebia Gora"]
[Date "1899-12-30"]
[Round "5.120"]
[White "Lukasiewicz, Anna"]
[Black "Szymura, Oliwia"]
[Result "1-0"]
[WhiteTitle "m"]
[BlackTitle "II+"]
[WhiteElo "1805"]
[BlackElo "1176"]

1. e4 c5 2. Nf3 Nc6 3. d4 cxd4 4. Nxd4 g6 5. c4 Bg7 6. Be3 Nf6 7. Nc3 d6 8. Be2
Bd7 9. Qd2 Qa5 10. f3 a6 11. O-O O-O 12. Nxc6 bxc6 13. c5 dxc5 14. e5 Nd5 15.
Nxd5 Qxd2 16. Nxe7+ Kh8 17. Bxd2 Bxe5 18. Bc3 Bxc3 19. bxc3 Rfe8 20. Nxg6+ hxg6
21. Kf2 a5 22. Rfd1 Rad8 23. Bc4 Kg7 24. Rab1 Be6 25. Rxd8 Rxd8 26. Bxe6 fxe6
27. Ke2 c4 28. Rd1 Rd5 29. Rd4 Rxd4 30. cxd4 Kf6 31. Ke3 e5 32. h4 c3 33. dxe5+
Kxe5 34. g4 c2 35. f4+ Kd5 36. Kd2 c1=Q+ 37. Kxc1 Kc4 38. h5 gxh5 39. gxh5 Kb4
40. h6 Ka3 41. Kb1 c5 42. h7 c4 43. h8=Q c3 44. Qxc3+ Ka4 45. Qb3# 1-0

[Event "Druzynowe Mistrzostwa Polski - II Liga 2023"]
[Site "Jastrzebia Gora"]
[Date "1899-12-30"]
[Round "5.121"]
[White "Kutowski, Marcel"]
[Black "Jedraszek, Pawel"]
[Result "1-0"]
[WhiteTitle "k"]
[BlackTitle "k"]
[WhiteElo "2170"]
[BlackElo "2098"]

1. e4 c5 2. Nf3 e6 3. g3 a6 4. Bg2 b5 5. O-O Bb7 6. Re1 d6 7. d4 cxd4 8. Nxd4 Qc7
9. a4 bxa4 10. Rxa4 Nd7 11. Nc3 Be7 12. Qe2 Nb6 13. Rb4 Nf6 14. Rb3 O-O 15. e5
Bxg2 16. exf6 Bxf6 17. Nxe6 fxe6 18. Qxe6+ Kh8 19. Kxg2 Qc6+ 20. Qe4 d5 21. Qe6
Qxe6 22. Rxe6 Nd7 23. Na4 Rfc8 24. c3 d4 25. Rd6 Rc4 26. Rxd7 Rxa4 27. Ra7 Rd8
28. cxd4 Bxd4 29. Rd3 Rc8 30. Rd7 Bf6 31. b3 Ra2 32. Rd2 Rxd2 33. Bxd2 Rc2 34.
Rd6 Kg8 35. Kf3 Kf7 36. Ke4 Rb2 37. Rd3 Ke6 38. f4 g6 39. g4 Be7 40. f5+ gxf5+
41. gxf5+ Kf7 42. Bf4 Re2+ 43. Re3 Rb2 44. Rh3 h5 45. Rxh5 Rxb3 46. Rh7+ Ke8 47.
Be3 Rb1 48. Bd4 Kf8 49. f6 Ba3 50. Kf5 Ke8 51. Ke6 Kd8 52. Rh8+ Kc7 53. Be5+ Kc6
54. Rc8+ Kb7 55. Rb8+ 1-0

[Event "Druzynowe Mistrzostwa Polski - II Liga 2023"]
[Site "Jastrzebia Gora"]
[Date "1899-12-30"]
[Round "5.122"]
[White "Ugorek, Kacper"]
[Black "Wilk, Igor"]
[Result "1/2-1/2"]
[WhiteTitle "I+"]
[BlackTitle "I++"]
[WhiteElo "2004"]
[BlackElo "2166"]

1. c4 e6 2. Nc3 d5 3. d4 Nf6 4. cxd5 exd5 5. Bg5 c6 6. e3 Be7 7. Bd3 O-O 8. Qc2
Nbd7 9. Nge2 Re8 10. O-O Nf8 11. Rab1 a5 12. a3 g6 13. b4 Ne6 14. Bh4 Ng7 15.
Bxf6 Bxf6 16. b5 Be7 17. bxc6 bxc6 18. Qb3 Bd6 19. Na4 Qh4 20. Ng3 Nh5 21. Rfe1
Nf6 22. Nf1 Ng4 23. g3 Qf6 24. Qc2 Bxa3 25. Nb6 Ra7 26. Nxc8 Rxc8 27. h3 Nh6 28.
Qa4 Qd6 29. Rb6 Bb4 30. Rc1 Kg7 31. Kg2 Ng8 32. Rbxc6 Rxc6 33. Rxc6 Qe7 34. Nh2
Rc7 35. Ng4 Rxc6 36. Qxc6 Qd6 37. Qe8 1/2-1/2

[Event "Druzynowe Mistrzostwa Polski - II Liga 2023"]
[Site "Jastrzebia Gora"]
[Date "1899-12-30"]
[Round "5.123"]
[White "Bielczyk, Jacek"]
[Black "Walaszczyk, Aleksander"]
[Result "1/2-1/2"]
[WhiteTitle "IM"]
[BlackTitle "I"]
[WhiteElo "2238"]
[BlackElo "1693"]

1. e4 c5 2. Nf3 e6 3. c3 Nf6 4. e5 Nd5 5. d4 cxd4 6. cxd4 d6 7. Nc3 Nxc3 8. bxc3
Qc7 9. Bd2 Nd7 10. exd6 Bxd6 11. Bd3 Nf6 12. O-O h6 13. Re1 O-O 14. Ne5 Rd8 15.
Qf3 Qe7 16. Rab1 Nd7 17. Ng4 Nf8 18. Rb5 Ng6 19. Rh5 Qc7 20. Bxg6 fxg6 21. Nxh6+
gxh6 22. Rxh6 Qg7 23. Qe4 Kf7 24. Re3 Qxh6 25. Rf3+ Bf4 26. Bxf4 Qh5 27. Bc7+
Ke8 28. Bxd8 Kxd8 29. Qf4 Qd5 30. c4 Qc6 31. Qf8+ Kc7 32. Rf7+ 1/2-1/2

[Event "Druzynowe Mistrzostwa Polski - II Liga 2023"]
[Site "Jastrzebia Gora"]
[Date "1899-12-30"]
[Round "5.124"]
[White "Sasin, Michal"]
[Black "Skorupka, Arkadiusz"]
[Result "0-1"]
[WhiteTitle "I"]
[BlackTitle "II"]
[WhiteElo "1804"]
[BlackElo "1472"]

1. e4 c5 2. Nf3 Nc6 3. Bb5 g6 4. O-O Bg7 5. c3 e5 6. d3 Nge7 7. Be3 d6 8. d4 cxd4
9. cxd4 O-O 10. d5 Nb8 11. Qd2 f5 12. exf5 Nxf5 13. Bg5 Qb6 14. Bd3 e4 15. Bxe4
Qxb2 16. Na3 Qxa3 17. Rac1 Na6 18. Bb1 Bd7 19. Rfe1 Rfe8 20. Red1 Rac8 21. h4
Qb4 22. Rxc8 Rxc8 23. Qe2 Re8 24. Qc2 Ba4 25. Qd3 Bxd1 26. Qxd1 Nd4 27. Bd3 Nc5
28. h5 Nxd3 29. Qxd3 Nxf3+ 30. Qxf3 Qe1+ 31. Kh2 Be5+ 32. Bf4 Bxf4+ 33. Qxf4 Qe5
0-1

[Event "Druzynowe Mistrzostwa Polski - II Liga 2023"]
[Site "Jastrzebia Gora"]
[Date "1899-12-30"]
[Round "5.125"]
[White "Balis, Sebastian"]
[Black "Duszczak, Filip"]
[Result "1/2-1/2"]
[WhiteTitle "II+"]
[BlackTitle "II"]
[WhiteElo "1484"]
[BlackElo "1450"]

1. e4 e6 2. d4 d5 3. Nc3 Nf6 4. e5 Nfd7 5. f4 c5 6. Nf3 Nc6 7. Be3 cxd4 8. Nxd4
Qb6 9. Qd2 Qxb2 10. Rb1 Qa3 11. Bb5 Nxd4 12. Qxd4 a6 13. Bxd7+ Bxd7 14. Rxb7 Rc8
15. Rb3 Qa5 16. O-O Bc5 17. Qd3 O-O 18. Rd1 Rfd8 19. g3 Bc6 20. Bd4 Bxd4+ 21.
Qxd4 Be8 22. Rb4 Qc7 23. Rd3 Rb8 24. Kf2 Rdc8 25. Ke2 Bb5 26. Nxb5 axb5 27. c3
Ra8 28. Rxb5 Rxa2+ 29. Rd2 Ra3 30. Rc2 h6 31. Rb4 Rxc3 32. Rxc3 Qxc3 33. Qxc3
Rxc3 34. Kd2 Ra3 35. Rb2 Kh7 36. Ke2 Kg6 37. Kf2 Kf5 38. h3 g5 39. Rb7 Kg6 40.
fxg5 hxg5 41. h4 gxh4 42. gxh4 Ra4 43. h5+ Kxh5 44. Rxf7 Re4 45. Kf3 Rxe5 46.
Rg7 Kh6 47. Rg8 Rg5 48. Re8 Rg6 49. Kf4 Rf6+ 50. Ke5 Kg5 51. Rg8+ Rg6 52. Ra8
Kg4 53. Rf8 Kg3 54. Rf7 Kg2 55. Rf8 Rh6 56. Rf4 Kg3 57. Rf8 Kg2 58. Rf4 Rg6 59.
Rf7 Kg3 60. Rf8 Kg4 61. Rf4+ Kg5 62. Rf8 d4 63. Kxd4 Rf6 64. Rxf6 Kxf6 65. Ke4
e5 66. Ke3 Kf5 67. Kf3 e4+ 68. Ke3 Ke5 69. Ke2 Kd4 70. Kd2 e3+ 71. Ke2 Ke4 72.
Ke1 Ke5 73. Ke2 Kd4 74. Ke1 Ke4 75. Ke2 Kf4 76. Ke1 Kf3 77. Kf1 Kg4 78. Ke2 Kf4
79. Ke1 Ke5 80. Ke2 Kd4 81. Ke1 Kd3 82. Kd1 Kc3 83. Ke2 Kd4 84. Ke1 e2 85. Kxe2
Ke5 1/2-1/2

[Event "Druzynowe Mistrzostwa Polski - II Liga 2023"]
[Site "Jastrzebia Gora"]
[Date "1899-12-30"]
[Round "5.126"]
[White "Barwinska, Ewa"]
[Black "Salamon, Julia"]
[Result "1/2-1/2"]
[WhiteTitle "WCM"]
[BlackTitle "I++"]
[WhiteElo "2030"]
[BlackElo "1814"]

1. e4 c5 2. Nf3 e6 3. d4 cxd4 4. Nxd4 Nf6 5. Nc3 Nc6 6. Ndb5 Bb4 7. a3 Bxc3+ 8.
Nxc3 d5 9. exd5 exd5 10. Bd3 d4 11. Ne2 O-O 12. O-O a6 13. Bg5 Qd6 14. Qd2 Re8
15. Rfe1 Bg4 16. Ng3 Rad8 17. h3 Bc8 18. Ne4 Nxe4 19. Bxd8 f5 20. Bxe4 fxe4 21.
Bh4 Bf5 22. Rad1 Qe6 23. Qf4 h6 24. Bg3 Rf8 25. Qc7 Rf7 26. Qb6 Qc4 27. Rd2 Kh7
28. Bd6 Qe6 29. Bc5 Qg6 30. Qb3 Qg5 31. Rxd4 Nxd4 32. Bxd4 Rd7 33. Be3 Qg6 34.
Kh1 Qh5 35. Kh2 g5 36. Qb6 g4 37. Rg1 gxh3 38. g3 Bg4 39. Qf6 Rf7 40. Qh4 Qxh4
41. gxh4 h5 42. c4 Rd7 43. Rc1 Rd3 44. c5 Bd7 45. Rc4 Bc6 46. Kxh3 Rb3 47. Rc2
Ba4 48. Rd2 Rd3 49. Re2 Bd1 50. Re1 Bg4+ 51. Kg2 Rd1 52. Rxd1 Bxd1 53. Kg3 Kg6
54. Kf4 Bc2 55. Ke5 Bd3 56. b4 Bc2 57. Kd6 Ba4 58. Kc7 Bc6 59. a4 Kf5 60. b5 axb5
61. axb5 Bxb5 62. Kxb7 Kg4 63. Bg5 Kf3 64. Be3 Kg4 65. Kb6 Bd7 66. c6 Bf5 67.
Bg5 Kf3 1/2-1/2